000 00632nam a2200229 i 4500
001 C2-0131485
003 PPAK
005 20180727122357.0
008 971015s1981 at a|||| ||||| | eng d
020 _a0730200787
040 _aPPAK
_beng
_cPPAK
_erda
082 0 4 _a032
_223
090 0 0 _a032
_bGOL
_dRK
245 0 0 _aGolden book world encyclopedia
_bchristmas to crusades
264 1 _aSydney :
_bGolden Press ,
_c1981
300 _a[various pages :
_bcolour illustrations ;
_c27 cm
336 _2rdacontent
_atext
337 _2rdamedia
_aunmediated
338 _2rdacarrier
_avolume
500 _aVolume 5
942 _ddc
_cB
999 _c40766
_d40766